Catalog

Record Details

Catalog Search



Psychiatrie a etika  Cover Image Book Book

Psychiatrie a etika / Pavel Baudiš, Jan Libiger

Record details

  • ISBN: 80-7262-104-1
  • Physical Description: 156 s. ; 24 cm
  • Edition: 1. vyd.
  • Publisher: Praha : Galén, c2002

Content descriptions

Bibliography, etc. Note:
Obsahuje bibliografii a bibliografické odkazy
Subject: lékařská etika
psychiatrie > etické a morální aspekty
Psychiatry
Psychiatric ethics
Medical ethics
Genre: monografie

Available copies

  • 0 of 1 copy available at Common Catalog SPOK.

Holds

  • 0 current holds with 1 total copy.
Show All Copies
Location Call Number / Copy Notes Barcode Shelving Location Status Due Date

LDR 01191nam a2200385 a 4500
00110445
003CZ-PrJAB
00520180404095512.0
007tu
008020604s2002 xr f 000 0 cze
015 . ‡acnb001094721
020 . ‡a80-7262-104-1 ‡q(váz.)
035 . ‡a(CZ PrNK)cpk20021094721
035 . ‡a(OCoLC)51191684
040 . ‡aABA001 ‡bcze
072 7. ‡a616.89 ‡xPsychiatrie ‡2Konspekt ‡914
080 . ‡a616.89 ‡2MRF
080 . ‡a17 ‡2MRF
080 . ‡a614.253 ‡2MRF
080 . ‡a(048.8) ‡2MRF
1001 . ‡aBaudiš, Pavel, ‡d1930-2011 ‡7jk01011137 ‡4aut
24510. ‡aPsychiatrie a etika / ‡cPavel Baudiš, Jan Libiger
250 . ‡a1. vyd.
260 . ‡aPraha : ‡bGalén, ‡cc2002
300 . ‡a156 s. ; ‡c24 cm
504 . ‡aObsahuje bibliografii a bibliografické odkazy
65007. ‡alékařská etika ‡7ph115193 ‡2czenas
65007. ‡apsychiatrie ‡7ph115943 ‡xetické a morální aspekty ‡2czenas
65009. ‡aPsychiatry ‡2eczenas
65009. ‡aPsychiatric ethics ‡2eczenas
65009. ‡aMedical ethics ‡2eczenas
655 7. ‡amonografie ‡7fd132842 ‡2czenas
7001 . ‡aLibiger, Jan, ‡d1948- ‡7nlk19990073499 ‡4aut
910 . ‡aABG312
901 . ‡a10445 ‡bUnknown ‡c10445 ‡tbiblio

Additional Resources